| 000 | 01120cam a2200301 a 4500 | ||
|---|---|---|---|
| 001 | 3498332 | ||
| 005 | 20150413122238.0 | ||
| 008 | 940915s1993 txua b 000 0 eng | ||
| 020 | _a9780546880212 | ||
| 020 | _a0546880215 | ||
| 040 |
_aDLC _cTZ-ArACH _dDLC |
||
| 041 | _aEng | ||
| 043 | _af-cg--- | ||
| 050 | 0 | 0 |
_aDT650 _b.P37 |
| 245 | 0 | 0 |
_aIturi : Webster's Timeline history 1762-2007 _cPhilip M. Parker _bWebster's Timeline history 1762-2007 _hPrinted book |
| 260 |
_aSan Diego, California _bICON Group International _c2009 |
||
| 300 |
_aiii,46p. : _c23 cm. |
||
| 504 | _aIncludes Index. | ||
| 650 | 0 |
_aIturi _xHistory _915491 |
|
| 650 | 0 | _915492 | |
| 651 | 0 | _915493 | |
| 700 | 1 |
_aPulford, Mary H. _915494 |
|
| 906 |
_a7 _bcbc _corignew _d2 _encip _f19 _gy-gencatlg |
||
| 942 |
_2lcc _cBOOK |
||
| 999 |
_c3035 _d3035 |
||